书目信息 |
| 题名: |
外国电影剧本丛刊
|
|
| 作者: | ;中国电影出版社 编 | |
| 分册: | 1 关山飞渡,黄牛惨案 | |
| 出版信息: | 北京 中国电影出版社 1980 |
|
| 页数: | 224页 | |
| 开本: | 20cm | |
| 丛书名: | ||
| 单 册: | ||
| 中图分类: | I13 | |
| 科图分类: | ||
| 主题词: | 戏剧文学--作品集--世界 | |
| 电子资源: | ||
| ISBN: | ||
| 000 | 00662nam0 2200193 45 | |
| 001 | 0312221749 | |
| 005 | 20060817112833.25 | |
| 010 | @dCNY0.58 | |
| 100 | @a20031222d1980 km y0chiy0120 ea | |
| 101 | @achi | |
| 200 | 1 | @a外国电影剧本丛刊@Awai guo dian ying ju ben cong kan@h1@i关山飞渡,黄牛惨案@f中国电影出版社编@Fzhong guo dian ying chu ban she bian |
| 210 | @a北京@c中国电影出版社@d1980 | |
| 215 | @a224页@d20cm | |
| 517 | 1 | @a关山飞渡,黄牛惨案@Aguan shan fei du,huang niu can an |
| 606 | 0 | @a戏剧文学@x作品集@x世界 |
| 690 | @aI13@v3 | |
| 711 | 0 | @a中国电影出版社@Azhong guo dian ying chu ban she@4编 |
| 801 | @aCN@bTSTCL@c20060817 | |
| 905 | @a213230@dI13@e14:1 | |
| 外国电影剧本丛刊.1.关山飞渡,黄牛惨案/中国电影出版社编.-北京:中国电影出版社,1980 |
| 224页;20cm |
| ISBN :CNY0.58 |
| ● |
| 相关链接 |
|
|
|
|
正题名:外国电影剧本丛刊
索取号:I13/14:1
 
预约/预借
| 序号 | 登录号 | 条形码 | 馆藏地/架位号 | 状态 | 备注 |
| 1 | 0029545 | 000052230 | 第一样本阅览室/ [索取号:I13/14:1] | 在馆 | |
| 2 | 0428706 | 204287066 | 密集书库/ [索取号:I13/14:1] | 在馆 | |
| 3 | 0429022 | 204290221 | 密集书库/ [索取号:I13/14:1] | 在馆 | |
| 4 | 0429023 | 204290230 | 密集书库/ [索取号:I13/14:1] | 在馆 | |
| 5 | 0467623 | 204676234 | 密集书库/ [索取号:I13/14:1] | 在馆 | |
| 6 | 0467624 | 204676243 | 密集书库/ [索取号:I13/14:1] | 在馆 | |
| 7 | 0467625 | 204676252 | 密集书库/ [索取号:I13/14:1] | 在馆 |